00752nam a22002417a 4500003000500000005001700005008004100022010001000063011001000073035001000083040000900093082002400102100001900126245007200145250001000217260003900227300001800266500003500284505012100319650002900440700002300469700001800492CHAP20220329134253.0971013c19731968 r 00010 d a17921 a18893 a22978 cCHAP a636.0896bH88Y 196800aHutyra, Franz. aPatología y terapéutica especiales de los animales domésticos a2 ed. aBarcelona :bLabor,c1973 (c.1968) a2 v.b: ilus. aTrad. de la 11 ed. en alemán aContenido : v.1 Enfermedades infecciosas, por Rudolf Manninger .- v.2 Enfermedades de los órganos, por Josef Marek14aPatología veterinaria.0 aManninger, Rudolf.0 aMarek, Josef.